Les 100 villes les plus grandes de les États Unis - Statistiques

Statistiques générales
  • Ce quiz a été pris 2 699 fois
  • Le résultat moyen est 38 sur 100
Statistiques - réponses
Population Ville % Correct
8,177,020 New York
100%
3,985,520 Los Angeles
98%
2,671,640 Chicago
95%
483,395 Miami
94%
696,959 Boston
89%
884,108 San Francisco
89%
675,592 Las Vegas
87%
1,348,890 Dallas
86%
787,995 Seattle
85%
2,325,350 Houston
84%
760,049 Denver
81%
1,585,480 Philadelphie
81%
532,695 Atlanta
79%
661,193 Détroit
79%
1,759,940 Phoenix
76%
1,429,650 San Diego
75%
666,453 Portland
70%
1,598,960 San Antonio
70%
925,290 Charlotte
69%
292,059 Orlando
68%
1,028,220 Austin
66%
892,656 Indianapolis
66%
531,285 Sacramento
64%
443,715 Minneapolis
63%
650,980 Memphis
62%
938,717 Jacksonville
60%
718,355 Washington D.C.
60%
505,272 Kansas City
59%
387,564 Nouvelle Orléans
59%
676,492 Oklahoma City
59%
566,631 Baltimore
55%
586,503 Milwaukee
55%
682,262 Nashville
55%
292,047 Saint Louis
55%
1,003,120 San Jose
55%
374,394 Cleveland
52%
615,067 Louisville
48%
407,104 Tampa
47%
339,421 Honolulu
45%
687,287 El Paso
44%
958,692 Fort Worth
41%
308,929 Cincinnati
40%
921,605 Columbus
39%
299,434 Pittsburgh
39%
253,793 Buffalo
33%
444,956 Oakland
32%
557,718 Tucson
32%
488,334 Raleigh
31%
280,437 Anchorage
29%
480,871 Omaha
28%
234,081 Richmond
28%
282,788 Newark
27%
403,518 Tulsa
26%
495,183 Colorado Springs
25%
311,504 Saint Paul
25%
450,349 Virginia Beach
25%
539,862 Fresno
24%
452,917 Long Beach
24%
271,966 Reno
23%
349,366 Anaheim
20%
295,618 Lincoln
20%
392,059 Wichita
20%
265,158 Madison
18%
233,464 | 401,047 Arlington
17%
327,423 Corpus Christi
17%
391,438 Bakersfield
16%
256,747 Jersey City
16%
548,213 Mesa
16%
240,213 Norfolk
15%
563,165 Alburquerque
14%
333,536 Santa Ana
14%
393,440 Aurora
13%
303,286 Greensboro
13%
266,524 Toledo
13%
279,228 Fort Wayne
12%
325,330 Lexington
12%
271,849 North Las Vegas
12%
336,478 Riverside
12%
268,006 Saint Petersburg
12%
315,904 Stockton
12%
292,301 Durham
11%
304,408 Irvine
11%
352,202 Henderson
10%
285,511 Chula Vista
9%
251,007 Fremont
9%
259,659 Glendale
9%
234,920 Irving
9%
284,467 Plano
9%
252,175 Winston-Salem
9%
273,102 Chandler
8%
267,396 Laredo
8%
268,839 Scottsdale
8%
252,263 Chesapeake
7%
236,604 Frisco
7%
266,714 Gilbert
7%
266,041 Lubbock
7%
235,087 Paradise
7%
323,279 San Juan (Puerto Rico)
7%
234,585 Garland
6%
Aucun quiz correspondant
Distribution des résultats
% des personnes avec chaque résultat
Percentile par nombre de réponses
Votre historique - résultats
Vous n’avez pas pris ce quiz